The world of physics (Record no. 14912)

MARC details
000 -LEADER
fixed length control field 00586nam a2200217Ia 4500
003 - CONTROL NUMBER IDENTIFIER
control field IN-BaIIA
008 - FIXED-LENGTH DATA ELEMENTS--GENERAL INFORMATION
fixed length control field 211028s9999 xx 000 0 eng d
020 ## - INTERNATIONAL STANDARD BOOK NUMBER
International Standard Book Number 0-03-031944-7
040 ## - CATALOGING SOURCE
Transcribing agency IIA Library
080 ## - UNIVERSAL DECIMAL CLASSIFICATION NUMBER
Universal Decimal Classification number 53
Item number JEW
100 ## - MAIN ENTRY--PERSONAL NAME
Personal name Jewett, John W
9 (RLIN) 26934
245 #4 - TITLE STATEMENT
Title The world of physics
Remainder of title mysteries magic and myth
Statement of responsibility, etc. John W. Jewett
260 ## - PUBLICATION, DISTRIBUTION, ETC.
Place of publication, distribution, etc. Australia
Name of publisher, distributor, etc. Brooks-Cole
Date of publication, distribution, etc. 2001
300 ## - PHYSICAL DESCRIPTION
Extent xii, 397p.
650 ## - SUBJECT ADDED ENTRY--TOPICAL TERM
Topical term or geographic name entry element Circular motion
9 (RLIN) 26935
650 ## - SUBJECT ADDED ENTRY--TOPICAL TERM
Topical term or geographic name entry element Electrical circuits
650 ## - SUBJECT ADDED ENTRY--TOPICAL TERM
Topical term or geographic name entry element Energy
9 (RLIN) 1942
650 ## - SUBJECT ADDED ENTRY--TOPICAL TERM
Topical term or geographic name entry element Physics
9 (RLIN) 73
650 ## - SUBJECT ADDED ENTRY--TOPICAL TERM
Topical term or geographic name entry element Polarization
9 (RLIN) 5652
942 ## - ADDED ENTRY ELEMENTS (KOHA)
Koha item type Books
Holdings
Withdrawn status Lost status Damaged status Not for loan Home library Current library Shelving location Date acquired Source of acquisition Cost, normal purchase price Total Checkouts Total Renewals Full call number Barcode Date last seen Date last checked out Cost, replacement price Price effective from Koha item type Purchase Price
        IIA Library-Bangalore IIA Library-Bangalore General Stacks 27/01/2003 SSB 1015.35 1 3 53/ JEW 15834 11/08/2022 11/08/2022 1015.35 27/01/2003 Books Rs. 1015.35

Powered by Koha